[Event "Paris-ch op-A"]
[Site "Paris"]
[Date "2010.07.08"]
[Round "6"]
[White "Mascle, Jean Guy"]
[Black "Ravonison, Lala"]
[Result "0-1"]
[WhiteElo "1972"]
[BlackElo "1850"]
[PlyCount "56"]
[EventDate "2010.07.03"]
[EventType "swiss"]
[EventRounds "9"]
[EventCountry "FRA"]
[SourceTitle "OM OTB B 201907"]
[Source "Opening Master"]
[SourceDate "2019.07.06"]
[SourceVersion "2"]
[SourceVersionDate "2019.07.06"]
[SourceQuality "1"]

1. e4 c5 2. Nf3 Nc6 3. d4 cxd4 4. Nxd4 d6 5. Nc3 Nf6 6. Be2 e5 7. Nf3 h6 8. O-O
a6 9. a4 Be6 10. Be3 Ng4 11. Bc1 Be7 12. Nd5 Nf6 13. Be3 Bxd5 14. exd5 Nb8 15.
a5 Nbd7 16. c4 O-O 17. b4 Ng4 18. Bd2 f5 19. Qb3 Bf6 20. Bc3 h5 21. Rfc1 e4 22.
Nd4 Be5 23. Bxg4 fxg4 24. Ne6 Bxh2+ 25. Kxh2 Qh4+ 26. Kg1 Qxf2+ 27. Kh1 Qh4+
28. Kg1 g3 0-1

[Event "Karl Mala Memorial op 13th"]
[Site "Frankfurt"]
[Date "2010.07.08"]
[Round "1"]
[White "Schmalhorst, Sophia"]
[Black "Hirneise, Jens"]
[Result "1/2-1/2"]
[WhiteElo "1834"]
[BlackElo "2294"]
[PlyCount "88"]
[EventDate "2010.07.08"]
[EventType "swiss"]
[EventRounds "7"]
[EventCountry "GER"]
[SourceTitle "OM OTB B 201907"]
[Source "Opening Master"]
[SourceDate "2019.07.06"]
[SourceVersion "2"]
[SourceVersionDate "2019.07.06"]
[SourceQuality "1"]

1. e4 c5 2. Nf3 d6 3. Nc3 Nc6 4. d4 cxd4 5. Nxd4 Nf6 6. Be2 e5 7. Nb3 Be7 8.
Bg5 Be6 9. Bxf6 Bxf6 10. Nd5 Bg5 11. Bg4 O-O 12. O-O Qd7 13. Bxe6 fxe6 14. Qg4
Bd8 15. g3 Qf7 16. Ne3 Bb6 17. Qe2 Rad8 18. Nc4 Bc7 19. f4 exf4 20. Rxf4 Qe7
21. Rxf8+ Rxf8 22. Rf1 b5 23. Rxf8+ Qxf8 24. Ncd2 a6 25. c3 Bb6+ 26. Kg2 Qf6
27. Nf3 Ne5 28. Nbd2 Ng4 29. Nf1 Qg6 30. Nd4 h5 31. h3 Ne5 32. Nd2 h4 33. g4
Qe8 34. N2f3 Ng6 35. Qd2 Qa8 36. Ng5 d5 37. e5 Bxd4 38. cxd4 Qc6 39. Qf2 Qe8
40. Qf3 Qe7 41. Qe3 Kf8 42. Qc1 Kg8 43. Qe3 Nf8 44. Nf3 Ng6 1/2-1/2

[Event "Ch (team) (juniors) (1 liga)"]
[Site "Suchedniow (Poland)"]
[Date "2010.07.07"]
[Round "2"]
[White "Niedbala, Wojciech"]
[Black "Oszczanowski, Witold"]
[Result "1/2-1/2"]
[WhiteElo "1757"]
[BlackElo "1745"]
[PlyCount "83"]
[EventDate "2010.??.??"]
[EventRounds "9"]
[EventCountry "POL"]
[SourceTitle "OM OTB B 201907"]
[Source "Opening Master"]
[SourceDate "2019.07.06"]
[SourceVersion "2"]
[SourceVersionDate "2019.07.06"]
[SourceQuality "1"]

1. e4 c5 2. Nf3 d6 3. d4 cxd4 4. Nxd4 Nf6 5. Nc3 Nc6 6. Be2 e5 7. Nb3 Be7 8.
O-O O-O 9. f4 a5 10. a4 Be6 11. f5 Bxb3 12. cxb3 Nb4 13. Bc4 Rc8 14. Be3 Nd7
15. Qd2 Nb6 16. Bb5 d5 17. exd5 N4xd5 18. Nxd5 Nxd5 19. Kh1 Nxe3 20. Qxe3 Qd4
21. Qe2 Bf6 22. Rfd1 Qf4 23. Rf1 Qb4 24. Bc4 Rfd8 25. Rfd1 Qb6 26. Rxd8+ Rxd8
27. Rd1 Rxd1+ 28. Qxd1 Qd8 29. Qd5 Qxd5 30. Bxd5 b6 31. Kg1 Kf8 32. Kf2 Ke7 33.
Ke3 g6 34. Ke4 Bg7 35. Bc4 Kf6 36. fxg6 hxg6 37. h4 Bh6 38. g4 Bf4 39. h5 gxh5
40. gxh5 Kg7 41. h6+ Bxh6 42. Kxe5 1/2-1/2

[Event "CAN-ch U16"]
[Site "Windsor"]
[Date "2010.07.06"]
[Round "2"]
[White "Xiong, Jerry"]
[Black "Calugar, Arthur"]
[Result "1/2-1/2"]
[WhiteElo "2294"]
[BlackElo "2358"]
[PlyCount "39"]
[EventDate "2010.07.06"]
[EventType "swiss"]
[EventRounds "7"]
[EventCountry "CAN"]
[SourceTitle "OM OTB B 201907"]
[Source "Opening Master"]
[SourceDate "2019.07.06"]
[SourceVersion "2"]
[SourceVersionDate "2019.07.06"]
[SourceQuality "1"]

1. e4 c5 2. Nf3 Nc6 3. d4 cxd4 4. Nxd4 Nf6 5. Nc3 d6 6. Be2 e5 7. Nb3 Be7 8.
O-O a5 9. a4 O-O 10. Be3 Nb4 11. Qd2 d5 12. exd5 Nfxd5 13. Nxd5 Nxd5 14. Bd3
Nxe3 15. Qxe3 Qc7 16. Rfe1 Bd6 17. Nd2 Re8 18. Ne4 f5 19. Nxd6 Qxd6 20. Rad1
1/2-1/2

[Event "TUR-chT"]
[Site "Konya"]
[Date "2010.07.04"]
[Round "7"]
[White "Ozen, Burak"]
[Black "Karabayir, Mustafa Yilmaz"]
[Result "1/2-1/2"]
[WhiteElo "2078"]
[BlackElo "1867"]
[PlyCount "250"]
[EventDate "2010.06.29"]
[EventType "team-tourn"]
[EventRounds "13"]
[EventCountry "TUR"]
[SourceTitle "OM OTB B 201907"]
[Source "Opening Master"]
[SourceDate "2019.07.06"]
[SourceVersion "2"]
[SourceVersionDate "2019.07.06"]
[SourceQuality "1"]

1. e4 c5 2. Nf3 Nc6 3. d4 cxd4 4. Nxd4 Nf6 5. Nc3 d6 6. Be2 e5 7. Nf3 Be7 8.
O-O O-O 9. h3 a6 10. a4 Qc7 11. Be3 b6 12. Re1 Bb7 13. Bd3 Nb4 14. Qe2 Rfd8 15.
Rad1 Nxd3 16. cxd3 d5 17. Rc1 Qd6 18. exd5 Nxd5 19. Ne4 Qe6 20. Bd2 Rac8 21.
Ng3 Nf4 22. Bxf4 exf4 23. Qxe6 fxe6 24. Rxc8 Bxc8 25. Ne2 g5 26. Rd1 Bf6 27.
Nc3 Bb7 28. Kf1 h6 29. Ke2 Kf7 30. Rc1 Bxf3+ 31. gxf3 Rd4 32. Ne4 Be5 33. b3
Rb4 34. Rb1 Ke7 35. Kd2 b5 36. axb5 Rxb5 37. Nc3 Rc5 38. Na4 Rb5 39. Nc3 Ra5
40. Na4 Bd4 41. Ke2 Re5+ 42. Kf1 Rb5 43. Ke2 Rb4 44. Ke1 Kd6 45. Ke2 Rb7 46.
Nb2 Bxb2 47. Rxb2 Kd5 48. Kd1 Kd4 49. Kd2 Rb6 50. Rb1 a5 51. Ra1 Rxb3 52. Ra4+
Rb4 53. Rxa5 Rb2+ 54. Ke1 Kxd3 55. Kf1 Rb6 56. Ra4 e5 57. Re4 Rb5 58. Kg2 Rd5
59. Kg1 h5 60. Re1 Kd2 61. Re4 Kd3 62. Re1 Rc5 63. Kg2 Kc4 64. Rd1 Rd5 65. Rc1+
Kd4 66. Re1 Kc5 67. Rc1+ Kd6 68. Rc8 Ke6 69. Rh8 h4 70. Re8+ Kf6 71. Rf8+ Kg7
72. Ra8 Rd6 73. Rb8 Kf6 74. Rf8+ Kg6 75. Rg8+ Kf5 76. Rf8+ Rf6 77. Re8 Re6 78.
Rf8+ Kg6 79. Rg8+ Kf6 80. Rf8+ Kg7 81. Ra8 e4 82. fxe4 Rxe4 83. Ra6 Rd4 84. Kf3
Rd2 85. Rb6 Kf7 86. Ra6 Kg7 87. Rb6 Rd1 88. Kg2 Rd3 89. f3 Rd2+ 90. Kg1 Re2 91.
Ra6 Kf7 92. Rb6 Re6 93. Rb5 Kf6 94. Ra5 Re5 95. Ra6+ Kf5 96. Kf2 Rc5 97. Rd6
Ke5 98. Rd8 Rc6 99. Rg8 Kf5 100. Rf8+ Rf6 101. Re8 Rb6 102. Kf1 Rb1+ 103. Kf2
Rb2+ 104. Kg1 Rb6 105. Kf2 Rb5 106. Kf1 Re5 107. Rf8+ Ke6 108. Rd8 Rd5 109. Ra8
Ke5 110. Ra4 Rc5 111. Kf2 Rc2+ 112. Kg1 Rc1+ 113. Kf2 Rc2+ 114. Kg1 Kd5 115.
Ra5+ Rc5 116. Ra4 Kc6 117. Kf2 Rc2+ 118. Kg1 Kd5 119. Rb4 Kc5 120. Ra4 Rc4 121.
Ra8 Kd4 122. Re8 Rc3 123. Kf2 Rc2+ 124. Kg1 Kd3 125. Re5 Rc3 1/2-1/2

[Event "Sparkassen Open"]
[Site "Nettetal GER"]
[Date "2010.07.04"]
[Round "2"]
[White "Schaefers, A."]
[Black "Bischoff, D."]
[Result "0-1"]
[WhiteElo "2022"]
[BlackElo "2135"]
[PlyCount "56"]
[EventDate "2010.??.??"]

1. e4 c5 2. Nf3 d6 3. d4 cxd4 4. Nxd4 Nf6 5. Nc3 Nc6 6. Be2 e5 7. Nb3 Be7 8.
O-O O-O 9. Be3 a5 10. a4 Be6 11. f3 Nb4 12. Nb5 d5 13. c3 Nc6 14. exd5 Nxd5 15.
Bf2 Nf4 16. Nc1 Rc8 17. Re1 Bh4 18. Qxd8 Bxf2+ 19. Kxf2 Rfxd8 20. g3 Nxe2 21.
Rxe2 Bc4 22. Rc2 Rd1 23. b3 Bxb5 24. axb5 Nd4 25. Rca2 Rxc3 26. Rxa5 Rd2+ 27.
Kf1 g6 28. b4 Rcc2 0-1

[Event "Lazy op-A 6th"]
[Site "Lazy"]
[Date "2010.07.03"]
[Round "8"]
[White "Neiksans, Arturs"]
[Black "Sharapov, Evgeny"]
[Result "1/2-1/2"]
[WhiteElo "2481"]
[BlackElo "2498"]
[PlyCount "99"]
[EventDate "2010.06.27"]
[EventType "swiss"]
[EventRounds "9"]
[EventCountry "POL"]
[SourceTitle "OM OTB B 201907"]
[Source "Opening Master"]
[SourceDate "2019.07.06"]
[SourceVersion "2"]
[SourceVersionDate "2019.07.06"]
[SourceQuality "1"]

1. e4 c5 2. Nf3 d6 3. d4 cxd4 4. Nxd4 Nf6 5. Nc3 Nc6 6. Be2 e5 7. Nf3 h6 8. O-O
Be7 9. Re1 O-O 10. h3 Be6 11. Bf1 Qd7 12. Nd5 Bd8 13. Nxf6+ Bxf6 14. c4 Bd8 15.
Be3 Ba5 16. Nd2 Qc7 17. Rc1 Bb6 18. Bxb6 Qxb6 19. Qb3 Qxb3 20. Nxb3 Rfd8 21.
Re3 b6 22. Nd2 Kf8 23. g3 Ke7 24. h4 g5 25. hxg5 hxg5 26. f3 Rac8 27. Kf2 Rc7
28. Rec3 Rdc8 29. a3 Rh8 30. g4 Nb8 31. Bg2 Nd7 32. Nf1 Nf8 33. Ne3 Ng6 34.
Nd5+ Bxd5 35. cxd5 Rxc3 36. Rxc3 Nf4 37. Bf1 Rh2+ 38. Kg1 Rxb2 39. Rc7+ Kf6 40.
Rxa7 Ng6 41. Bg2 Nh4 42. Bh1 Rb1+ 43. Kh2 Ng6 44. Rd7 Nf4 45. Rxd6+ Ke7 46. Rc6
Rb2+ 47. Kg3 Ne2+ 48. Kh3 Nf4+ 49. Kg3 Ne2+ 50. Kh3 1/2-1/2

[Event "Kostroma Volga Cup (Women)"]
[Site "Kostroma"]
[Date "2010.07.03"]
[Round "1.1"]
[White "Rysbayeva, Korlan"]
[Black "Tarleva, Vira"]
[Result "1/2-1/2"]
[WhiteElo "2040"]
[BlackElo "2109"]
[PlyCount "153"]
[EventDate "2010.07.03"]
[EventType "tourn"]
[EventRounds "11"]
[EventCountry "RUS"]
[SourceTitle "OM OTB B 201907"]
[Source "Opening Master"]
[SourceDate "2019.07.06"]
[SourceVersion "2"]
[SourceVersionDate "2019.07.06"]
[SourceQuality "1"]

1. e4 c5 2. Nf3 d6 3. d4 cxd4 4. Nxd4 Nf6 5. Nc3 Nc6 6. Be2 e5 7. Nf3 h6 8. O-O
Be7 9. h3 Be6 10. Re1 O-O 11. Bf1 Rc8 12. Nd5 Bxd5 13. exd5 Nb4 14. c4 a5 15.
a3 Na6 16. Rb1 Nd7 17. b4 axb4 18. axb4 f5 19. Ba3 Bf6 20. Qb3 e4 21. Nd2 Be5
22. Bb2 Qg5 23. Bxe5 Nxe5 24. Qc3 Rfe8 25. Re3 Qf6 26. f3 exf3 27. Nxf3 f4 28.
Re4 Qf5 29. Rbe1 Nxf3+ 30. Qxf3 Rxe4 31. Qxe4 Qxe4 32. Rxe4 Nxb4 33. Rxf4 Na6
34. Kf2 Nc5 35. Ke3 Re8+ 36. Kd2 g5 37. Rf3 Kg7 38. Bd3 Ra8 39. g4 Ra3 40. Ke2
Nd7 41. Re3 Ne5 42. c5 Ra2+ 43. Kd1 Nxd3 44. Rxd3 dxc5 45. Rb3 Kf6 46. Rb6+ Ke5
47. d6 Ke6 48. Rxb7 Ra6 49. d7 Rd6+ 50. Kc2 Rxd7 51. Rb6+ Rd6 52. Rb8 Kd5 53.
Kc3 Rf6 54. Rd8+ Kc6 55. Rd3 Kb5 56. h4 Rf4 57. hxg5 hxg5 58. Rg3 Ra4 59. Kb3
Re4 60. Kc3 Ra4 61. Kb3 Rb4+ 62. Kc3 c4 63. Kd4 Rb1 64. Rf3 Kb4 65. Rf8 Rd1+
66. Ke4 Re1+ 67. Kd4 Rd1+ 68. Ke4 Rg1 69. Rb8+ Kc3 70. Kf5 Kc2 71. Kxg5 c3 72.
Kf5 Rb1 73. Rc8 Kd2 74. g5 c2 75. g6 Rb3 76. Rxc2+ Kxc2 77. g7 1/2-1/2

[Event "COL-ch"]
[Site "El Bagre"]
[Date "2010.07.02"]
[Round "10"]
[White "Castano, Duvan Martin"]
[Black "Mendoza, Rafael"]
[Result "0-1"]
[WhiteElo "2316"]
[BlackElo "2334"]
[PlyCount "50"]
[EventDate "2010.06.25"]
[EventType "tourn"]
[EventRounds "11"]
[EventCountry "COL"]
[EventCategory "5"]
[SourceTitle "OM OTB B 201907"]
[Source "Opening Master"]
[SourceDate "2019.07.06"]
[SourceVersion "2"]
[SourceVersionDate "2019.07.06"]
[SourceQuality "1"]

1. e4 c5 2. Nf3 d6 3. Nc3 Nc6 4. d4 cxd4 5. Nxd4 Nf6 6. Be2 e5 7. Nb3 Be7 8.
O-O O-O 9. Be3 a5 10. a4 Nb4 11. f4 Be6 12. Bf3 exf4 13. Bxf4 Qb6+ 14. Kh1 Nxc2
15. Qxc2 Bxb3 16. Qd2 Rac8 17. Nb5 Rfd8 18. Be3 Qa6 19. Nd4 Be6 20. Rfc1 Rxc1+
21. Rxc1 d5 22. Nxe6 Qxe6 23. exd5 Nxd5 24. Bg1 Nb4 25. Qc3 Na2 0-1

[Event "Merli Memorial op"]
[Site "Barrinha"]
[Date "2010.07.02"]
[Round "1"]
[White "Da Silva, Lucas de Lima"]
[Black "Torsani Pires, Marcos Vinicius"]
[Result "0-1"]
[WhiteElo "1467"]
[BlackElo "2113"]
[PlyCount "40"]
[EventDate "2010.07.02"]
[EventType "swiss"]
[EventRounds "6"]
[EventCountry "BRA"]
[SourceTitle "OM OTB B 201907"]
[Source "Opening Master"]
[SourceDate "2019.07.06"]
[SourceVersion "2"]
[SourceVersionDate "2019.07.06"]
[SourceQuality "1"]

1. e4 c5 2. Nf3 d6 3. d4 cxd4 4. Nxd4 Nf6 5. Nc3 Nc6 6. Be2 e5 7. Nb3 Be7 8.
Be3 O-O 9. Qd2 a5 10. a4 Nb4 11. Nd5 Nxe4 12. Qd1 Nxd5 13. Qxd5 Nf6 14. Qd2 Ng4
15. Bxg4 Bxg4 16. f3 Be6 17. Nc1 d5 18. O-O d4 19. Bf2 f5 20. Re1 Bb4 0-1

[Event "FICGS__CHESS__WCH_STAGE_1_GROUP_20__000"]
[Site "FICGS"]
[Date "2010.07.02"]
[Round "1"]
[White "Tuluoglu, Utku"]
[Black "Dineen, Thomas"]
[Result "0-1"]
[WhiteElo "1626"]
[BlackElo "2089"]
[PlyCount "54"]
[EventDate "2010.??.??"]

1. e4 c5 2. Nf3 Nc6 3. d4 cxd4 4. Nxd4 Nf6 5. Nc3 d6 6. Be2 e5 7. Ndb5 a6 8.
Na3 b5 9. Nd5 Nxe4 10. Bf3 f5 11. Nc3 Be6 12. Nxe4 fxe4 13. Bxe4 d5 14. Bf3 b4
15. Nb1 Bc5 16. Be3 Bxe3 17. fxe3 Qg5 18. Qd2 e4 19. Be2 O-O 20. g3 d4 21. exd4
e3 22. Qd3 Qd5 23. Rf1 Rxf1+ 24. Bxf1 Nxd4 25. a3 Rf8 26. axb4 Rxf1+ 27. Qxf1
Nxc2+ 0-1

[Event "Edirne op"]
[Site "Edirne"]
[Date "2010.07.??"]
[Round "6"]
[White "Shalamberidze, Akaki"]
[Black "Bregadze, Levan"]
[Result "1/2-1/2"]
[WhiteElo "2348"]
[BlackElo "2413"]
[PlyCount "23"]
[EventDate "2010.07.??"]
[EventType "swiss"]
[EventRounds "9"]
[EventCountry "TUR"]
[SourceTitle "OM OTB B 201907"]
[Source "Opening Master"]
[SourceDate "2019.07.06"]
[SourceVersion "2"]
[SourceVersionDate "2019.07.06"]
[SourceQuality "1"]

1. e4 c5 2. Nf3 d6 3. d4 cxd4 4. Nxd4 Nf6 5. Nc3 Nc6 6. Be2 e5 7. Nb3 Be7 8.
O-O O-O 9. f4 a5 10. a4 Nb4 11. Kh1 Be6 12. f5 1/2-1/2

[Event "COL-ch (Women)"]
[Site "El Bagre"]
[Date "2010.06.30"]
[Round "7"]
[White "Franco Valencia, Angela Maria"]
[Black "Herrera Rodriguez, Milena Tatiana"]
[Result "1/2-1/2"]
[WhiteElo "2172"]
[BlackElo "2115"]
[PlyCount "111"]
[EventDate "2010.06.25"]
[EventType "tourn"]
[EventRounds "11"]
[EventCountry "COL"]
[SourceTitle "OM OTB B 201907"]
[Source "Opening Master"]
[SourceDate "2019.07.06"]
[SourceVersion "2"]
[SourceVersionDate "2019.07.06"]
[SourceQuality "1"]

1. e4 c5 2. Nf3 d6 3. d4 cxd4 4. Nxd4 Nf6 5. Nc3 Nc6 6. Be2 e5 7. Nf3 h6 8. O-O
Be7 9. Re1 O-O 10. h3 Be6 11. Bf1 Rc8 12. Nd5 Bxd5 13. exd5 Nb8 14. c4 Nbd7 15.
a4 Nh7 16. a5 a6 17. b4 Ng5 18. Ra3 f5 19. Bxg5 Bxg5 20. Rb3 Bf6 21. Nh2 Kh8
22. g4 Bh4 23. Rb2 Qf6 24. Re3 e4 25. Rc2 Ne5 26. Qe1 Bg5 27. Rec3 fxg4 28. Bg2
Nd3 29. Qe2 gxh3 30. Bxe4 Nf4 31. Qd1 Bh4 32. f3 Qg5+ 33. Kh1 Ng2 34. Re2 Qg3
35. Nf1 Qf4 36. Bc2 Rf6 37. Qd3 g6 38. Re4 Qc1 39. Bb1 Qg5 40. Rg4 Qh5 41. Qd4
Kh7 42. Re4 Rxf3 43. Rxf3 Qxf3 44. Nh2 Qf6 45. Qa7 Rf8 46. Qxb7+ Rf7 47. Qc8
Qb2 48. Bd3 Qc1+ 49. Nf1 Bg3 50. Qxh3 Rxf1+ 51. Kxg2 Qd2+ 52. Be2 Rf2+ 53. Kxg3
Qc3+ 54. Kh4 Qf6+ 55. Kg3 Qc3+ 56. Kh4 1/2-1/2

[Event "Wroclaw op 5th"]
[Site "Wroclaw"]
[Date "2010.06.29"]
[Round "5"]
[White "Chrzaszcz, Malvina"]
[Black "Leks, Hanna"]
[Result "0-1"]
[WhiteElo "2032"]
[BlackElo "2165"]
[PlyCount "78"]
[EventDate "2010.06.26"]
[EventType "swiss"]
[EventRounds "9"]
[EventCountry "POL"]
[SourceTitle "OM OTB B 201907"]
[Source "Opening Master"]
[SourceDate "2019.07.06"]
[SourceVersion "2"]
[SourceVersionDate "2019.07.06"]
[SourceQuality "1"]

1. e4 c5 2. Nf3 d6 3. d4 cxd4 4. Nxd4 Nf6 5. Nc3 Nc6 6. Be2 e5 7. Nf3 h6 8. O-O
Be7 9. h3 O-O 10. Re1 a6 11. a4 b6 12. Bf1 Bb7 13. Nd5 Nxd5 14. exd5 Nb8 15. c4
a5 16. Bd3 f5 17. Bb1 Nd7 18. b3 Nc5 19. Ra2 Bc8 20. Nh2 Bg5 21. Bxg5 hxg5 22.
Nf1 g6 23. g4 Ra7 24. Ng3 Rh7 25. Kg2 Rh4 26. f3 e4 27. Rf2 exf3+ 28. Qxf3 Rxh3
29. Ref1 Qc7 30. Rh1 Rxh1 31. Kxh1 Qh7+ 32. Rh2 Qe7 33. Re2 Qf6 34. Rf2 f4 35.
Ne4 Nxe4 36. Bxe4 Kg7 37. Qd1 Rh8+ 38. Rh2 Re8 39. Bf3 Qc3 0-1

[Event "Repechaje Nacional Absoluto 2010"]
[Site "Mexico"]
[Date "2010.06.27"]
[Round "6"]
[White "Aquino Flores, Angelica Amaranta"]
[Black "Real Pereyra, Diana Carime"]
[Result "0-1"]
[WhiteElo "1864"]
[BlackElo "1949"]
[PlyCount "52"]
[EventDate "2010.??.??"]
[EventRounds "6"]
[EventCountry "MEX"]
[SourceTitle "OM OTB B 201907"]
[Source "Opening Master"]
[SourceDate "2019.07.06"]
[SourceVersion "2"]
[SourceVersionDate "2019.07.06"]
[SourceQuality "1"]

1. e4 c5 2. Nf3 d6 3. d4 cxd4 4. Nxd4 Nf6 5. Nc3 Nc6 6. Be2 e5 7. Nb3 Be7 8.
Be3 O-O 9. O-O a5 10. a4 Nb4 11. Bf3 Be6 12. Re1 Rc8 13. Rc1 d5 14. exd5 Nfxd5
15. Nxd5 Nxd5 16. Bxd5 Bxd5 17. h3 Rc6 18. Nd2 f5 19. Nf3 f4 20. Bd2 Rg6 21.
Kh2 Bxf3 22. gxf3 Bc5 23. Rf1 Qh4 24. Bxa5 Bxf2 25. Qd5+ Kh8 26. Rg1 Bg3+ 0-1

[Event "Rapid Silver 000022"]
[Site "corr FICGS"]
[Date "2010.06.26"]
[Round "2"]
[White "Bernal Varela, Nelson"]
[Black "Wosch, Arkadiusz"]
[Result "1/2-1/2"]
[WhiteElo "2092"]
[BlackElo "2155"]
[PlyCount "36"]
[EventDate "2010.??.??"]
[SourceTitle "FICGS pre-2020"]
[Source "Tim Harding"]
[SourceDate "2020.02.15"]
[SourceVersion "3"]
[SourceVersionDate "2020.02.01"]
[SourceQuality "1"]

1. e4 c5 2. Nf3 Nc6 3. d4 cxd4 4. Nxd4 Nf6 5. Nc3 d6 6. Be2 e5 7. Nxc6 bxc6 8.
Qd3 Be7 9. O-O O-O 10. Qg3 Be6 11. b3 Kh8 12. Bb2 Qc7 13. f4 Rad8 14. Rad1 Rfe8
15. Kh1 Qa5 16. f5 Bc8 17. Rfe1 g6 18. fxg6 fxg6 1/2-1/2

[Event "St Petersburg White Nights op"]
[Site "St Petersburg"]
[Date "2010.06.24"]
[Round "9"]
[White "Kazakevich, Grigoriy"]
[Black "Bazeev, German"]
[Result "0-1"]
[WhiteElo "2142"]
[BlackElo "2313"]
[PlyCount "142"]
[EventDate "2010.06.16"]
[EventType "swiss"]
[EventRounds "9"]
[EventCountry "RUS"]
[SourceTitle "OM OTB B 201907"]
[Source "Opening Master"]
[SourceDate "2019.07.06"]
[SourceVersion "2"]
[SourceVersionDate "2019.07.06"]
[SourceQuality "1"]

1. e4 c5 2. Nf3 d6 3. d4 cxd4 4. Nxd4 Nf6 5. Nc3 Nc6 6. Be2 e5 7. Nb3 Be7 8.
O-O O-O 9. Be3 a5 10. a3 Be6 11. f3 a4 12. Nd2 Nd4 13. Bd3 Qc7 14. Nxa4 Rxa4
15. c3 Nxf3+ 16. gxf3 Raa8 17. c4 Nh5 18. Re1 Nf4 19. Qb3 Bh4 20. Rec1 Qe7 21.
Kh1 Nh3 22. Bf1 Nf4 23. Bd3 Qf6 24. Rg1 b5 25. Bxf4 Qxf4 26. Qd1 Bf2 27. Rg2
Bd4 28. Nb3 Bxb2 29. Rxb2 bxc4 30. Nc1 cxd3 31. Qxd3 d5 32. Ne2 Qf6 33. exd5
Bf5 34. Qd2 Bg6 35. Kg2 e4 36. f4 e3 37. Qd4 Be4+ 38. Kf1 Qf5 39. Qxe3 Bxd5 40.
Nd4 Qh5 41. Qg3 Rfe8 42. Re1 Rxe1+ 43. Kxe1 Re8+ 44. Re2 Rxe2+ 45. Nxe2 Qf5 46.
Qc3 h6 47. Kd2 Be4 48. Qe5 Qd7+ 49. Qd4 Qc6 50. Nc3 Bg6 51. a4 Qg2+ 52. Ne2 Bh5
53. Qe5 Qxh2 54. Qe8+ Kh7 55. Qe4+ g6 56. Qe7 g5 57. Qe4+ Bg6 58. f5 Bh5 59.
Qe7 Qf2 60. Qe3 Qxf5 61. Qd3 Qxd3+ 62. Kxd3 Bf3 63. a5 Bb7 64. Nd4 h5 65. Nb3
h4 66. Nc5 Bc6 67. Ne4 Kg6 68. Nf2 f5 69. Kd4 Kf6 70. a6 g4 71. Kc5 Ba8 0-1

[Event "Zaporozhye Ermak Cup 6th"]
[Site "Zaporozhye"]
[Date "2010.06.23"]
[Round "2"]
[White "Goreskul, Alyona"]
[Black "Zubarev, Alexander2"]
[Result "0-1"]
[WhiteElo "2228"]
[BlackElo "2536"]
[PlyCount "144"]
[EventDate "2010.06.23"]
[EventType "swiss"]
[EventRounds "9"]
[EventCountry "UKR"]
[SourceTitle "OM OTB B 201907"]
[Source "Opening Master"]
[SourceDate "2019.07.06"]
[SourceVersion "2"]
[SourceVersionDate "2019.07.06"]
[SourceQuality "1"]

1. e4 c5 2. Nf3 d6 3. d4 Nf6 4. Nc3 cxd4 5. Nxd4 Nc6 6. Be2 e5 7. Nb3 Be7 8.
O-O O-O 9. Kh1 Be6 10. f4 exf4 11. Bxf4 a6 12. Nd4 Nxd4 13. Qxd4 Rc8 14. Rad1
Rc6 15. e5 dxe5 16. Qxd8 Rxd8 17. Rxd8+ Bxd8 18. Bxe5 Ng4 19. Bd4 Bb6 20. Rd1
f6 21. Bf3 Rd6 22. Bg1 Rxd1 23. Nxd1 Bxg1 24. Kxg1 b6 25. Bb7 a5 26. h3 Ne5 27.
b3 Kf7 28. Kf2 Ke7 29. Ke3 g5 30. c4 f5 31. Nc3 Kd6 32. Kd4 Bd7 33. Nd5 Nc6+
34. Kc3 b5 35. Nf6 b4+ 36. Kd3 Ne5+ 37. Kd4 Bc6 38. Bxc6 Nxc6+ 39. Ke3 h6 40.
Ng8 h5 41. Nf6 h4 42. Nh7 g4 43. Nf6 Ne5 44. Nd5 Kc5 45. Nf4 Nxc4+ 46. Ke2 Nd6
47. Ng6 Kd4 48. Nf4 Ke4 49. Ng6 Nb5 50. hxg4 fxg4 51. Nxh4 Nc3+ 52. Kd2 Nxa2
53. Ng6 Nc3 54. Ne7 Nd5 55. Nc6 Ne3 56. Nxa5 Nxg2 57. Nc6 g3 58. Ke2 Nf4+ 59.
Kf1 Kf3 60. Nd4+ Kg4 61. Kg1 Kh3 62. Kh1 Nd3 63. Kg1 Nc5 64. Kh1 Ne4 65. Kg1
Nc5 66. Kh1 Ne4 67. Kg1 Ng5 68. Kh1 Kh4 69. Kg2 Kg4 70. Nc6 Nf3 71. Nxb4 Nh4+
72. Kg1 Kh3 0-1

[Event "Lipetsk op"]
[Site "Lipetsk"]
[Date "2010.06.23"]
[Round "1"]
[White "Sukhanova, Yana"]
[Black "Tarleva, Vira"]
[Result "0-1"]
[WhiteElo "1802"]
[BlackElo "2096"]
[PlyCount "42"]
[EventDate "2010.06.23"]
[EventType "swiss"]
[EventRounds "9"]
[EventCountry "RUS"]
[SourceTitle "OM OTB B 201907"]
[Source "Opening Master"]
[SourceDate "2019.07.06"]
[SourceVersion "2"]
[SourceVersionDate "2019.07.06"]
[SourceQuality "1"]

1. e4 c5 2. Nf3 d6 3. d4 cxd4 4. Nxd4 Nf6 5. Nc3 Nc6 6. Be2 e5 7. Nb3 Be7 8.
Be3 O-O 9. O-O a5 10. a4 Nb4 11. f4 Be6 12. Kh1 Rc8 13. Bf3 d5 14. fxe5 Nxe4
15. Nxe4 Nxc2 16. Bc5 dxe4 17. Qxd8 Bxd8 18. Rac1 Re8 19. Bxe4 Bxb3 20. Bxc2
Bxc2 21. Rxc2 b6 0-1

[Event "Novi Grad Sarajevo 2010"]
[Site "Sarajevo"]
[Date "2010.06.22"]
[Round "2"]
[White "Obuca, Bajro"]
[Black "Stojanovic, Dalibor"]
[Result "1/2-1/2"]
[WhiteElo "2181"]
[BlackElo "2481"]
[PlyCount "62"]
[EventDate "2010.??.??"]
[EventRounds "8"]
[EventCountry "BIH"]
[SourceTitle "OM OTB B 201907"]
[Source "Opening Master"]
[SourceDate "2019.07.06"]
[SourceVersion "2"]
[SourceVersionDate "2019.07.06"]
[SourceQuality "1"]

1. e4 c5 2. Nf3 Nc6 3. d4 cxd4 4. Nxd4 Nf6 5. Nc3 d6 6. Be2 e5 7. Nb3 Be7 8.
Be3 O-O 9. Qd2 a5 10. f3 a4 11. Nc1 a3 12. b3 Be6 13. O-O d5 14. exd5 Bb4 15.
dxe6 Qa5 16. exf7+ Kh8 17. Qd3 Bxc3 18. Rb1 Nd5 19. Bf2 Bb2 20. Qf5 Nce7 21.
Qe6 Nc3 22. Qxe7 Nxb1 23. Bd3 Qd8 24. Qxb7 Qf6 25. Ne2 Nc3 26. Nxc3 Bxc3 27.
Qe4 g6 28. Bc4 Rad8 29. Be3 Bd4 30. Re1 Bc3 31. Rf1 Bd4 1/2-1/2

[Event "Baltija cup"]
[Site "?"]
[Date "2010.06.22"]
[Round "?"]
[White "Kontrimas, Andrius"]
[Black "Borisovs, Leonids"]
[Result "1/2-1/2"]
[WhiteElo "1857"]
[BlackElo "2082"]
[PlyCount "72"]
[EventDate "2010.??.??"]
[SourceTitle "OM OTB B 201907"]
[Source "Opening Master"]
[SourceDate "2019.07.06"]
[SourceVersion "2"]
[SourceVersionDate "2019.07.06"]
[SourceQuality "1"]

1. e4 c5 2. Nf3 Nc6 3. d4 cxd4 4. Nxd4 Nf6 5. Nc3 d6 6. Be2 e5 7. Nxc6 bxc6 8.
O-O Be7 9. Kh1 O-O 10. f4 exf4 11. Bxf4 Be6 12. Qd3 Re8 13. Rad1 d5 14. exd5
Nxd5 15. Nxd5 Bxd5 16. Bg4 Bf8 17. c4 Be6 18. Bxe6 fxe6 19. Qxd8 Raxd8 20. Bc7
Rxd1 21. Rxd1 e5 22. Kg1 Bc5+ 23. Kf1 Bd4 24. Rd2 c5 25. Ke2 Kf7 26. b3 Ke6 27.
Rd1 Rf8 28. Rf1 Rxf1 29. Kxf1 Kf5 30. Bd6 Ke4 31. Ke2 g5 32. Be7 g4 33. Bh4 Bg1
34. h3 gxh3 35. gxh3 Kd4 36. Be1 Ke4 1/2-1/2